[Event "XLIV Sevilla Open 2019"]
[Site "Sevilla"]
[Date "2019.01.14"]
[Round "4"]
[White "Campora, Daniel H."]
[Black "Grigoryan, Karen H."]
[Result "1/2-1/2"]
[WhiteElo "2417"]
[BlackElo "2557"]
[Annotator "TA"]
[PlyCount "104"]
[EventDate "2019.01.11"]
[EventType "swiss"]
[EventCountry "ESP"]
[SourceTitle "playchess.com"]
[Source "ChessBase"]
[SourceQuality "1"]

{[%evp 21,104,0,0,0,0,-25,0,0,8,9,0,0,0,0,0,0,0,0,0,0,0,0,0,-18,7,0,0,0,0,0,0,0,31,77,97,93,82,82,474,477,504,506,533,520,455,274,352,355,393,381,386,315,300,223,210,131,105,78,175,0,122,149,233,233,233,233,239,207,228,62,329,317,291,222,176,0,0,0,0,0,0,0,0,0,0]} 1. e4 c5 2. Nf3 d6 3. d4 cxd4 4. Nxd4 Nf6 5. Nc3 a6 6. g3 e5 7. Nb3 b5 8. Bg2 Nbd7 9. O-O Be7 10. Re1 O-O 11. Bd2 {B91: Sicilian Najdorf: 6 g3} (11. a4 b4 12. Nd5 a5 13. Be3 Bb7 14. Nxe7+ Qxe7 15. Qd3 Rfc8 16. Red1 h6 17. h3 Qe6 18. Qxd6 Qxd6 19. Rxd6 Rxc2 {1-0 (82) Balogh,C (2664)-Bogner,S (2558) Germany 2012}) 11... Nb6 {LiveBook: 4 Games} 12. Na5 Bg4 13. Qc1 {[#]} Rc8 $146 ({Predecessor:} 13... Be6 14. a4 Qd7 15. b3 Rfc8 {½-½ (15) Atlas,V (2478)-Ruck,R (2554) Austria 2005}) 14. a4 Bd7 {[%cal Rb5a4]} 15. axb5 axb5 16. Nd5 Nfxd5 17. exd5 f5 18. Nc6 Bxc6 $1 19. dxc6 {Strongly threatening Ra6.} e4 20. Bf1 Nc4 21. b3 Ne5 $1 {[%cal Re5f3] next ...Nf3+ is good for Black.} 22. Bxb5 Qb6 23. c4 $36 {[%mdl 2048] Black is under pressure.} d5 {White must now prevent ...Nd3.} 24. Ra6 Qb8 25. Rd1 {Threatens to win with Bf4.} d4 26. Bf4 d3 27. Kg2 Bf6 28. Qe3 $1 Qd6 29. c5 Qe6 $2 {[%mdl 8192] [#]} (29... Qc7 $16 {is more resistant.}) 30. Rxd3 $1 $18 {[%mdl 512]} Kh8 (30... exd3 31. Bc4) 31. Rd6 Qf7 32. Bxe5 Bxe5 33. f4 exf3+ 34. Qxf3 Qe7 35. Rd5 f4 {...fxg3 would now be nice for Black.} 36. g4 Rcd8 37. Rd7 Qxc5 38. Be2 Rde8 {Threatening ...Bd6.} 39. Ra4 Qc2 (39... Bc7 $16 {is a better defense.} 40. Rc4 (40. Rxc7 Rxe2+ {[%mdl 64] Remove Defender} 41. Qxe2 f3+ 42. Qxf3 Qc2+ 43. Kg3 Rxf3+ 44. Kxf3 Qxb3+ 45. Kf2 Qb2+ 46. Kf3 Qb3+ {[%mdl 64] Double Attack} 47. Kf2 Qc2+ 48. Kg3 Qb3+ 49. Kg2 Qc2+ 50. Kg3 Qb3+ 51. Kg2 Qc2+ 52. Kh3 Qc3+ 53. Kh4 Qe1+ 54. Kh3 Qe3+ 55. Kg2 Qe2+ 56. Kh3 Qe3+ 57. Kg2 Qd2+ 58. Kf3 Qd1+ 59. Ke3 Qb3+ 60. Kd2 Qb2+ 61. Kd3 Qb3+ {[%mdl 64] Double Attack} 62. Kd2 Qb2+ 63. Kd3 Qb3+ {[%mdl 64] Double Attack} 64. Ke2 Qc2+ 65. Ke3 Qb3+ 66. Ke2 Qc2+ 67. Ke3 Qb3+ $11) 40... Qb6) 40. Kh3 $2 (40. Rc4 $18 Bc3 41. Rxc3 Rxe2+ 42. Kf1 Rf2+ 43. Kg1 Rg2+ 44. Qxg2 Qxc3 45. c7 Qe3+ 46. Qf2 Qc1+ 47. Qf1 Qc5+ 48. Qf2 Qc1+ 49. Qf1 Qc5+ 50. Qf2 Qc1+) 40... Bb8 (40... Re6 $1 $11) 41. Bd3 $1 $16 {[%cal Rd3c2]} Qxb3 (41... Qc3 $16 42. Be4 Qe5) 42. Re4 $18 Be5 43. Re2 {Qe4 is the strong threat.} Qe6 44. Kg2 Qf6 45. Bf5 $2 (45. c7 $1 $18) 45... Bd4 $2 {[%mdl 8192]} (45... g6 $14 46. Bc2 Re6) 46. Rxe8 Rxe8 47. c7 {aiming for Qe4!} Bb6 {[#]} 48. Rxg7 $2 ({Don't do} 48. Qxf4 $6 Qb2+ 49. Kh3 Qc3+ 50. Qg3 Qc5) ({White must play} 48. Qe4 $1 $18 {[%cal Re4e8][%mdl 512]} Rg8 (48... Rxe4 49. c8=Q+) 49. Qxf4) 48... Qb2+ {The position is equal.} 49. Kh3 Qxg7 (49... Kxg7 $5 50. c8=Q $8 Rxc8 51. Bxc8 Qe5 $11) 50. c8=Q Rxc8 51. Bxc8 Qe5 52. Bf5 Qe3 {Accuracy: White = 64%, Black = 54%.} 1/2-1/2

[Event "XLIV Sevilla Open 2019"]
[Site "Sevilla"]
[Date "2019.01.14"]
[Round "4"]
[White "Blanco Acevedo, Cristobal Jose"]
[Black "Li, Xueyi"]
[Result "1/2-1/2"]
[WhiteElo "2397"]
[BlackElo "2194"]
[Annotator "TA"]
[PlyCount "74"]
[EventDate "2019.01.11"]
[EventType "swiss"]
[EventCountry "ESP"]
[SourceTitle "playchess.com"]
[Source "ChessBase"]
[SourceQuality "1"]

{[%evp 19,74,-20,-8,-14,-14,-16,1,1,21,0,20,9,31,23,33,24,26,0,0,0,0,0,0,0,-2,-18,-12,-18,-25,-31,-31,-29,-18,-31,-10,-25,-25,-16,-24,-6,-14,-20,0,0,0,0,0,0,0,0,0,0,0,0,0,0,0]} 1. c4 c6 2. b3 d5 3. Bb2 Bf5 4. Nf3 e6 5. d3 h6 6. Nbd2 Nf6 7. g3 Nbd7 8. Bg2 Be7 9. O-O O-O 10. Qc2 Rc8 {LiveBook: 4 Games. A12: English Opening: 1...c6 with b3 by White} (10... Bh7 11. a3 a5 12. Bc3 Re8 13. Qb2 Bf8 14. Rfe1 Qb6 15. b4 axb4 16. axb4 Rec8 17. e4 dxe4 18. dxe4 Rxa1 19. Rxa1 Nxe4 20. c5 Qc7 {0-1 (77) Ponkratov,P (2613)-Potkin,V (2574) Riadh 2017}) 11. Rad1 Bh7 12. Qb1 Ne8 $146 ({Predecessor:} 12... b5 13. Qa1 a5 14. a4 bxc4 15. bxc4 Ne8 16. Nd4 Nc5 17. Rc1 Nf6 18. cxd5 cxd5 19. Nb5 {1-0 (65) Puschmann,L (2270)-Harmatosi,J (2225) Budapest 2001}) 13. Qa1 Bf6 14. d4 {[%cal Bd3d4,Bd4e5][%mdl 32]} Bc2 15. Rc1 Bg6 16. Rfd1 Nc7 17. Ne5 Bh5 18. Ndf3 Nxe5 19. dxe5 Be7 20. cxd5 cxd5 21. Nd4 Qd7 22. a4 Na6 23. Bf1 Nb4 24. Rxc8 Rxc8 25. Rc1 a6 26. Ba3 Bg6 27. e3 Rc7 28. Qb2 Qc8 29. Rxc7 Qxc7 {The position is equal.} 30. Qd2 Nc6 31. Bxe7 Nxe7 32. f4 Nf5 33. a5 Nxd4 34. exd4 Bc2 35. b4 Ba4 36. Bd3 Bb5 37. Qc2 Qd7 {Accuracy: White = 64%, Black = 56%.} 1/2-1/2

[Event "XLIV Sevilla Open 2019"]
[Site "Sevilla"]
[Date "2019.01.14"]
[Round "4"]
[White "Polivanov, Anatoliy"]
[Black "Xu, Yi"]
[Result "1/2-1/2"]
[WhiteElo "2374"]
[BlackElo "2528"]
[Annotator "TA"]
[PlyCount "75"]
[EventDate "2019.01.11"]
[EventType "swiss"]
[EventCountry "ESP"]
[SourceTitle "playchess.com"]
[Source "ChessBase"]
[SourceQuality "1"]

{[%evp 16,75,11,-28,2,18,10,17,22,0,0,0,0,0,16,16,57,49,35,55,102,106,384,354,359,349,367,233,204,212,421,427,426,425,404,408,409,404,372,204,199,183,182,172,174,147,135,31,40,7,56,34,147,0,0,0,0,0,0,0,0,0]} 1. d4 Nf6 2. c4 e6 3. Nc3 Bb4 4. f3 d5 5. a3 Bxc3+ 6. bxc3 O-O 7. cxd5 exd5 8. e3 Nh5 {E27: Nimzo-Indian: Sämisch: 5...0-0 6 f3} (8... c5 9. Bd3 b6 10. Ne2 Ba6 11. O-O Bxd3 12. Qxd3 Re8 13. Ng3 Nc6 14. Bb2 Na5 15. Rae1 Nc4 16. Bc1 cxd4 17. cxd4 b5 18. e4 Qb6 19. Kh1 a5 20. Nf5 b4 21. axb4 axb4 22. Bg5 {0-1 (41) Li,C (2744)-Zhou,J (2597) Huocheng County 2017}) 9. Ne2 {LiveBook: 8 Games} f5 10. c4 Be6 $146 ({Predecessor:} 10... c6 11. Qb3 Kh8 12. Kf2 dxc4 13. Qxc4 Nd7 14. Nc3 Nb6 15. Qc5 Be6 16. Rb1 {1-0 (30) Taimanov,M-Averbakh,Y Moscow (Russia) 1958}) 11. cxd5 Bxd5 12. Nc3 Bf7 13. g3 c5 14. Rb1 {[%cal Ba1b1,Bb1b7,Bb7f7][%mdl 32]} Qa5 15. Bd2 $36 {[%mdl 2048] White fights for an advantage.} cxd4 16. Nb5 Qd8 {...Nc6 is the strong threat.} 17. Nxd4 f4 18. Rxb7 fxg3 $2 {[%mdl 8192] [#]} (18... Bd5 $16 {is a better defense.}) 19. Rxf7 $1 $18 {[%mdl 64] Remove Defender} Rxf7 20. Bc4 Qc7 21. Qa4 {[%cal Ra4e8]} Nf6 22. hxg3 {aiming for g4.} ({Resist} 22. Bxf7+ $6 Qxf7 23. hxg3 Nbd7 $16) 22... Nbd7 $2 (22... Kh8) 23. Bxf7+ Kxf7 24. Qb3+ Kg6 25. Qb1+ Kf7 26. Qa2+ Kg6 27. Ne2 (27. g4 $142 Qe5 28. g5) 27... h6 28. Nf4+ Kh7 29. Qb1+ Kh8 30. Ng6+ Kg8 31. Ne7+ (31. Kf2 $16) 31... Kh8 $14 32. Qg6 {Black must now prevent e4.} Rb8 33. Rh4 a5 {[#]} (33... Rf8 $14 34. f4 Qc4) 34. Rxh6+ (34. a4 $1 $16) 34... gxh6 $11 {The position is equal.} 35. Qxh6+ Nh7 36. Ng6+ Kg8 37. Ne7+ Kh8 38. Ng6+ {Accuracy: White = 55%, Black = 40%.} 1/2-1/2

[Event "XLIV Sevilla Open 2019"]
[Site "Sevilla"]
[Date "2019.01.14"]
[Round "4"]
[White "Pogorelov, Ruslan"]
[Black "Vasquez Schroeder, Rodrigo"]
[Result "1-0"]
[WhiteElo "2357"]
[BlackElo "2499"]
[Annotator "TA"]
[PlyCount "79"]
[EventDate "2019.01.11"]
[EventType "swiss"]
[EventCountry "ESP"]
[SourceTitle "playchess.com"]
[Source "ChessBase"]
[SourceQuality "1"]

{[%evp 25,79,77,84,84,93,82,90,71,80,80,80,74,101,87,116,121,135,152,150,153,137,107,176,180,186,190,262,190,188,81,128,126,185,194,256,263,404,401,501,448,780,814,796,784,955,937,955,931,1014,984,1381,1395,1529,1421,29996,29997]} 1. c4 c5 2. Nf3 g6 3. e4 Bg7 4. d4 d6 5. d5 Nf6 6. Nc3 O-O 7. Be2 e6 8. O-O exd5 9. exd5 Re8 10. h3 Ne4 11. Nxe4 {E91: King's Indian: Classical: 6 Be2, unusual replies including 6...c5 and 6...Bg4} Rxe4 12. Bd3 Re8 13. Bg5 Qb6 {LiveBook: 5 Games} 14. Re1 Bd7 {[#]} 15. Rb1 $146 ({Predecessor:} 15. Rxe8+ Bxe8 16. Rb1 Nd7 17. Kh1 Ne5 18. Nxe5 Bxe5 19. f4 Bd4 20. f5 Bd7 21. Qf3 Re8 22. Rf1 Bxf5 23. g4 {1-0 (23) Korobov,A (2623)-Lorscheid,G (2345) Pardubice 2009}) 15... Na6 16. Rxe8+ Rxe8 17. a3 Qa5 18. Nd2 f5 19. g4 Qc7 20. gxf5 Re5 21. Nf3 Rxf5 22. Bxf5 Bxf5 23. Ra1 h6 (23... Bxb2 $16 24. Ra2 Bg7) 24. Bf4 $1 $18 g5 {[#]} 25. Bg3 $1 Bxh3 (25... Bxb2 {was called for.} 26. Ra2 Bg7) 26. Qd2 Qf7 27. Nh2 (27. Qe3 $18 {is more deadly.}) 27... Qd7 28. Re1 b6 (28... Nc7 $16 {is a better defense.}) 29. Qe3 {Black must now prevent Bxd6!} Bf8 {[#]} (29... Bf5 $142 30. Nf3 Bf8) 30. f4 $1 {[%cal Bf2f4,Bf4g5,Bg5h6][%mdl 32]} Qg7 (30... gxf4 $142 31. Bxf4 Qg7+ 32. Qg3 Qxg3+ 33. Bxg3 Nc7) 31. fxg5 Qxb2 {[%csl Gh3][%cal Rb2g2]} 32. Bf2 Bf5 (32... Bd7 $142 33. gxh6 Qf6 34. Qg3+ Kh7) 33. Qf4 Qc2 34. gxh6 Nc7 35. Re3 {[%cal Be1e3,Be3g3,Bg3g7][%mdl 32]} Bg6 36. Rg3 Be7 37. Qg4 Qb1+ 38. Nf1 Kf7 39. Qd7 {Rf3+ would kill now.} Bd3 40. Rg7+ {Accuracy: White = 78%, Black = 21%.} 1-0

[Event "XLIV Sevilla Open 2019"]
[Site "Sevilla"]
[Date "2019.01.14"]
[Round "4"]
[White "Aguera Naredo, Javier"]
[Black "Harutjunyan, Gevorg"]
[Result "1-0"]
[WhiteElo "2345"]
[BlackElo "2476"]
[Annotator "TA"]
[PlyCount "109"]
[EventDate "2019.01.11"]
[EventType "swiss"]
[EventCountry "ESP"]
[SourceTitle "playchess.com"]
[Source "ChessBase"]
[SourceQuality "1"]

{[%evp 30,109,0,-36,3,0,0,-59,-51,-48,-40,-27,-32,-77,-76,-112,-112,-134,-134,-149,-163,-142,-125,-130,-127,-109,-115,-354,-354,-341,206,208,198,204,257,260,266,250,414,404,393,391,411,411,396,377,464,439,467,444,610,609,632,629,660,654,713,604,518,436,465,462,454,458,457,454,564,549,672,676,659,659,796,792,843,831,787,773,825,822,771,763]} 1. e4 c6 2. d4 d5 3. Nd2 dxe4 4. Nxe4 Bf5 5. Ng3 Bg6 6. h4 h6 7. Nf3 Nd7 8. h5 Bh7 9. Bd3 Bxd3 10. Qxd3 e6 11. Bf4 Qa5+ {B19: Classical Caro-Kann: 4...Bf5 main line} 12. Bd2 Bb4 13. c3 Be7 14. c4 Qc7 15. O-O-O (15. d5 cxd5 16. cxd5 Qd6 17. Qb5 Ngf6 18. dxe6 Qxe6+ 19. Kf1 {1-0 (64) Kokarev,D (2622)-Rozum,I (2586) Khanty-Mansiysk 2017}) 15... Ngf6 16. Ne4 {LiveBook: 82 Games} O-O-O 17. g3 c5 18. d5 ({White should try} 18. Bf4 $11 Qa5 19. Kb1) 18... Nxe4 $15 19. Qxe4 Nf6 20. Qc2 exd5 21. Qf5+ Kb8 $146 ({Predecessor:} 21... Qd7 22. Qxd7+ Nxd7 23. cxd5 Bf6 24. Ba5 Rde8 25. Rhe1 Ne5 26. Nxe5 Bxe5 27. Bc3 Bxc3 28. bxc3 Kd7 29. c4 a6 30. Kc2 b5 {½-½ (28) Ye,L (2188)-Garnelis,J (2188) Vung Tau 2008}) 22. Bf4 Bd6 $36 {[%mdl 2048] White is under strong pressure.} 23. cxd5 Bxf4+ 24. gxf4 {[#]} Rd6 $1 25. Rhg1 c4 26. Rxg7 c3 27. Nd4 Rc8 ({Of course not} 27... Nxd5 $6 28. Nb5 $11) 28. Nb3 $2 {[#]} (28. Rg3 $17 {only move.} cxb2+ 29. Kxb2) 28... Nxd5 $1 $19 {[%mdl 512]} 29. Qe5 {With the idea Rxf7!} (29. Rxd5 Rxd5) 29... c2 $4 {[%mdl 8192]} (29... cxb2+ $19 30. Kxb2 Nb6) 30. Rxd5 $18 Rxd5 31. Qxd5 Rd8 32. Qc5 {Qxc7+ is the strong threat.} Qd7 {[%csl Gc2,Gd8][%cal Rd7d1]} 33. Qe5+ (33. Qxc2 $2 Qd5 $19) 33... Kc8 $2 (33... Ka8 {might work better.} 34. Nd4 a6 35. Kxc2 Qxd4 36. Qxd4 Rxd4 37. Rxf7 Kb8) 34. Qc3+ Kb8 {[%csl Gc2,Gd8][%cal Rd7d1]} 35. Nd2 ({Not} 35. Qxc2 $2 Qd5 $19) 35... Rc8 36. Qe5+ Ka8 37. Rg1 Qa4 38. a3 {White is clearly winning.} a6 39. Qf5 Qe8 40. Ne4 {And now Nd6 would win.} Rc6 41. Nc3 Rc4 42. Kxc2 Qb8 43. Qe5 Rxf4 44. Qxb8+ Kxb8 {[%mdl 4096] Endgame KRN-KR} 45. Nd1 Rf5 46. Rg7 Kc7 47. Rh7 Rf6 48. Kd3 b5 49. Ke2 a5 50. Ne3 Kc6 51. Ng4 Re6+ 52. Kd3 Rd6+ 53. Kc3 Kd5 54. Rxh6 Rd8 55. Rf6 {Precision: White = 70%, Black = 53%.} 1-0

[Event "XLIV Sevilla Open 2019"]
[Site "Sevilla"]
[Date "2019.01.14"]
[Round "4"]
[White "Estremera Panos, Sergio"]
[Black "Iniyan, P."]
[Result "1/2-1/2"]
[WhiteElo "2310"]
[BlackElo "2456"]
[Annotator "TA"]
[PlyCount "37"]
[EventDate "2019.01.11"]
[EventType "swiss"]
[EventCountry "ESP"]
[SourceTitle "playchess.com"]
[Source "ChessBase"]
[SourceQuality "1"]

{[%evp 29,30,22,21]} 1. d4 Nf6 2. c4 g6 3. Nc3 Bg7 4. e4 d6 5. Nf3 O-O 6. Be2 e5 7. O-O Nc6 8. dxe5 dxe5 9. Bg5 Qxd1 10. Rfxd1 Bg4 11. h3 Bxf3 {E97: King's Indian: Classical Main Line (6...e5 7 0-0 Nc6): 8 Be3 and 8 d5 Ne7, not 9 Ne1} 12. Bxf3 Nd4 13. Nd5 Nxd5 14. cxd5 c6 15. dxc6 bxc6 {[#] LiveBook: 6 Games} {Predecessor:} 16. Rac1 $146 Rfb8 17. b3 a5 18. Rc4 Bf8 19. Be3 {½-½ (47) Saric,A (2597)-Spirin,O (2462) Germany 2016} 1/2-1/2

[Event "XLIV Sevilla Open 2019"]
[Site "Sevilla"]
[Date "2019.01.14"]
[Round "4"]
[White "Insa Alfonso, Pablo"]
[Black "Starostits, Ilmars"]
[Result "0-1"]
[WhiteElo "2301"]
[BlackElo "2442"]
[Annotator "TA"]
[PlyCount "90"]
[EventDate "2019.01.11"]
[EventType "swiss"]
[EventCountry "ESP"]
[SourceTitle "playchess.com"]
[Source "ChessBase"]
[SourceQuality "1"]

{[%evp 17,90,64,95,25,31,40,49,23,40,25,36,34,35,29,19,15,44,25,41,55,84,37,33,39,36,0,0,0,0,-18,-24,-53,-60,-60,-22,-48,-30,-68,-58,-87,-71,-132,-115,-126,-134,-221,-210,-177,-208,-375,-393,-338,-376,-343,-266,-251,-170,-270,-270,-270,-270,-270,-270,-255,-259,-882,-994,-871,-857,-5306,-5306,-5306,-5306,-1932,-1932]} 1. e4 c5 2. Nf3 Nc6 3. d4 cxd4 4. Nxd4 Qb6 5. Nb3 Nf6 6. Nc3 e6 7. a3 a6 8. Bf4 {B33: Sicilian: Pelikan and Sveshnikov Variations} e5 (8... Ne7 9. Bd3 Ng6 10. Bg3 h5 11. h4 Bd6 12. Bxd6 Qxd6 13. g3 b5 14. Qd2 Qb6 15. O-O-O Ng4 16. Rhf1 Nh2 17. Rfe1 Ng4 18. Rf1 Nh2 19. Rfe1 Ng4 20. Rf1 {½-½ (20) Blomqvist,E (2574)-Svidler,P (2748) Caleta 2017}) 9. Be3 Qd8 {LiveBook: 3 Games} 10. Nd5 ({White should play} 10. f3 $16) 10... Nxd5 $1 $11 11. exd5 Ne7 12. c4 Nf5 13. Bd2 d6 14. Bd3 g6 15. O-O Bg7 16. a4 $146 {[%cal Ba3a4,Ba4a5][%mdl 32]} O-O 17. a5 Bd7 18. Bb4 Nh4 19. g3 Nf5 20. Nd2 b5 21. cxb5 Bxb5 22. Bxb5 axb5 23. Nb3 e4 {[%cal Be5e4,Be4e3][%mdl 32]} 24. Qe2 Re8 25. Rac1 e3 26. f3 Qg5 27. Bc3 h5 $1 {[%cal Bh7h5,Bh5h4][%mdl 32]} 28. Bxg7 Nxg7 29. Rfd1 (29. Rcd1 $142) 29... h4 $1 $17 {...Nh5 is the strong threat.} 30. f4 Qf6 $1 31. Rc3 (31. Rd3 $17 {was called for.}) 31... hxg3 $19 32. hxg3 Nf5 33. g4 $2 (33. Qf3) 33... Qh4 $1 {[%cal Rh4g3]} 34. gxf5 {Threatens to win with Rf1.} Qg3+ 35. Kf1 {Black should prevent Qg2.} Re4 36. Rd4 Rae8 37. Rcd3 (37. fxg6 $142 Qxf4+ 38. Ke1 Qh4+ 39. Kd1 Rxd4+ 40. Nxd4 Qxd4+ {[%mdl 64] Double Attack} 41. Kc1 fxg6 42. Rc7) 37... Kg7 $1 38. f6+ Kxf6 39. Nd2 Rxd4 $1 40. Rxd4 {[#]} Kg7 $1 $40 {[%mdl 128] Black is out for blood.} ({Worse is} 40... exd2 41. Qxe8 Qf3+ 42. Kg1 $11) 41. Nf3 $2 {[#]} (41. Qf3 e2+ 42. Qxe2 Qh3+ 43. Qg2 Re1+ 44. Kxe1 Qxg2 45. Re4) 41... Rh8 $1 {[%cal Rh8h1] ( -> ...Rh1+). Black is clearly winning.} 42. Qxe3 {[#]} Rh2 $1 {[%mdl 512]} 43. Rd2 (43. Nxh2 Qxe3) 43... Qh3+ 44. Ke1 Rh1+ 45. Qg1 Qxf3 {Accuracy: White = 42%, Black = 84%.} 0-1

[Event "XLIV Sevilla Open 2019"]
[Site "Sevilla"]
[Date "2019.01.14"]
[Round "4"]
[White "Li, Yunshan"]
[Black "Pallares Bejarano, Salvador"]
[Result "0-1"]
[WhiteElo "2246"]
[BlackElo "2079"]
[Annotator "TA"]
[PlyCount "101"]
[EventDate "2019.01.11"]
[EventType "swiss"]
[EventCountry "ESP"]
[SourceTitle "playchess.com"]
[Source "ChessBase"]
[SourceQuality "1"]

{[%evp 17,101,-6,-12,-8,0,10,14,27,39,25,39,16,41,29,25,18,37,21,72,0,0,0,0,0,22,12,84,15,18,19,27,10,9,0,0,0,0,0,14,0,14,14,21,0,14,14,14,14,14,14,14,14,42,0,0,0,0,0,0,0,0,-6087,-5202,-29970,-29971,-29971,-29970,-29971,-29973,-29973,-29974,-29976,-29977,-29977,-29978,-29974,-29979,-29976,-29980,-29980,-29981,-29981,-29982,-29982,-29983,-29983]} 1. d4 Nf6 2. c4 e6 3. g3 d5 4. Bg2 Bb4+ 5. Nd2 O-O 6. Qc2 Nbd7 {E00: Catalan Bogo-Indian (3 g3 Bb4+)} (6... c5 7. dxc5 Bxc5 8. Ngf3 Bb6 9. O-O Nc6 10. a3 a5 11. b3 d4 12. c5 Bc7 13. Nc4 e5 14. Bg5 {1-0 (33) Miton,K (2622)-Gharamian,T (2676) San Sebastian 2011}) 7. Ngf3 b6 8. cxd5 exd5 9. O-O Bb7 {LiveBook: 5 Games} 10. Ne5 $146 ({Predecessor:} 10. a3 Bd6 11. b4 Re8 12. Re1 c5 13. bxc5 bxc5 14. dxc5 Rc8 15. c6 Rxc6 16. Qa2 Nc5 {½-½ (35) Raetsky,A (2423)-Meier,G (2546) Biel 2007}) 10... Nxe5 11. dxe5 Nd7 12. Nf3 {Black must now prevent Ng5.} Be7 13. Bf4 c5 14. Bh3 Re8 15. e6 Nf8 $1 {[%cal Rf8e6]} 16. exf7+ Kxf7 17. e4 {exd5 is the strong threat.} g5 (17... Bf6 $11) 18. Be5 (18. Be3 $16) 18... Bf6 $11 19. Bxf6 $1 Qxf6 20. Nd2 Ng6 21. Bg2 dxe4 (21... Rad8 $11 {keeps the balance.}) 22. Nxe4 (22. Bxe4 $16 Bxe4 23. Nxe4) 22... Bxe4 23. Bxe4 Rad8 24. Rad1 Kg7 25. Qa4 Rxd1 26. Rxd1 Re7 27. Qc2 Qe6 28. Bf5 Qe5 29. Bxg6 hxg6 {[%mdl 4096] Endgame KQR-KQR} 30. a4 Qe4 31. Qxe4 Rxe4 {KR-KR} 32. Rd7+ Kf6 33. Rxa7 Rb4 34. a5 Rxb2 35. Ra6 Ke5 36. Rxb6 Rxb6 37. axb6 {KP-KP} Kd6 38. f3 Kc6 39. Kf2 $2 {[%mdl 8192] [#]} (39. h4 $11 gxh4 40. gxh4) 39... Kxb6 $19 40. h4 gxh4 {Black mates.} 41. gxh4 {KPP-KPP} Kc6 42. Ke3 Kd5 43. f4 c4 44. f5 gxf5 {KPP-KP} 45. h5 Ke5 46. h6 Kf6 47. h7 Kg7 48. h8=Q+ Kxh8 49. Kd4 Kg7 50. Kxc4 Kf6 51. Kd4 {Precision: White = 59%, Black = 49%.} 0-1

[Event "XLIV Sevilla Open 2019"]
[Site "Sevilla"]
[Date "2019.01.14"]
[Round "4"]
[White "Cuellar Montes, Alejandro"]
[Black "Larino Nieto, David"]
[Result "0-1"]
[WhiteElo "2064"]
[BlackElo "2432"]
[Annotator "TA"]
[PlyCount "90"]
[EventDate "2019.01.11"]
[EventType "swiss"]
[EventCountry "ESP"]
[SourceTitle "playchess.com"]
[Source "ChessBase"]
[SourceQuality "1"]

{[%evp 13,90,0,16,0,-13,-58,-44,-97,-59,-56,-53,-66,-48,-94,-75,-76,-25,-39,-27,-41,0,-30,-20,-106,-83,-63,-22,-58,-27,-14,-12,-14,-10,-60,-68,-77,-68,-119,-117,-164,-81,-80,-70,-102,-102,-163,-160,-147,-154,-182,-176,-194,-188,-225,-183,-320,-343,-317,-255,-327,-239,-322,-319,-333,-333,-316,-219,-330,-326,-335,-361,-586,-571,-29986,-29987,-29993,-29994,-29994,-29995]} 1. d4 d6 2. c4 e5 3. Nf3 e4 4. Ng5 f5 5. Nc3 h6 6. Nh3 g5 7. g3 {A21: English Opening: 1...e5 2 Nc3} (7. f3 Nf6 8. Nf2 Qe7 9. fxe4 fxe4 10. Be3 Bg7 11. g3 c6 12. Qb3 Bf5 13. Bg2 O-O 14. h3 Bg6 {1-0 (23) Romanov,E (2651)-Kabanov,N (2475) St Petersburg 2013}) 7... Bg7 {LiveBook: 10 Games} 8. e3 Nf6 9. Bg2 {The position is equal.} Qe7 $146 ({Predecessor:} 9... c5 10. Ng1 Nc6 11. Nge2 O-O 12. h4 Nb4 13. hxg5 {0-1 (29) Glavas,D (2359)-Muse,M (2448) Sibenik 2009}) 10. Qc2 (10. Ng1 $15) 10... c6 11. b3 Na6 12. Ba3 Be6 13. Rd1 Bf7 14. Ng1 Rc8 (14... O-O-O $17) 15. Qd2 Nc7 16. Nge2 Bh5 17. d5 cxd5 18. cxd5 (18. Nd4 $11 Bg6 19. h4) 18... O-O (18... Nd7 {is interesting.} 19. O-O O-O 20. Rc1 Ne5 21. Nd4 Nd3) 19. h4 Bxe2 20. Qxe2 g4 (20... Nd7 $5 {[%cal Rg7c3]} 21. Bb2 g4 $17) 21. Qd2 Nd7 22. Ne2 Nb5 23. Bb2 Bxb2 24. Qxb2 Qe5 25. Qd2 (25. Rd2 $1 $15) 25... Nc3 $36 {[%mdl 2048] White is under strong pressure.} 26. O-O Nxe2+ (26... Nxd1 $19 27. Rxd1 Rc5) 27. Qxe2 Rc5 28. b4 Rc7 ({Much worse is} 28... Rxd5 $6 29. Rxd5 Qxd5 30. Rd1 $11) 29. a3 (29. Qb5 $17 {might work better.}) 29... Rfc8 $19 30. Rd4 Qg7 31. Rfd1 Ne5 32. a4 Rc2 33. R1d2 Rxd2 34. Qxd2 (34. Rxd2 $142 Qc7 35. Rd1) 34... Qc7 35. Qe2 a6 36. Rd2 Kf8 37. Kh2 Qc4 38. Qd1 Qc1 ({Weaker is} 38... Qxb4 39. Rd4 $19) 39. Qe2 Qb1 {[#] Threatens to win with ...Nf3+.} 40. Rd1 (40. Rb2 $142 Qd3 41. Rd2 Qxe2 42. Rxe2) 40... Qc2 ({Less strong is} 40... Qxb4 41. Qa2 $17) 41. Rd2 Qxa4 42. Rd4 $2 (42. Ra2 Qb3 43. Rb2 Qxd5 44. Rc2) 42... Rc1 {And now ...Qa1 would win.} 43. Qd2 Qa1 {Black mates.} 44. b5 Nf3+ 45. Bxf3 exf3 {Accuracy: White = 29%, Black = 65%.} 0-1